Tous les films Disney et Pixar - Statistiques

Statistiques générales
  • Ce quiz a été pris 54 fois
  • Le résultat moyen est 60 sur 140
Statistiques - réponses
Hint Réponse % Correct
1937 Blanche-neige et les sept nains
95%
1950 Cendrillon
84%
1959 La belle au bois dormant
84%
1991 La belle et la bête
84%
1989 La petite sirène
81%
2013 La reine des neiges
81%
1998 Mulan
81%
2010 Raiponce
79%
1995 Toy Story
79%
2006 Cars : Quatre roues
77%
1961 Les 101 dalmatiens
74%
1992 Aladdin
72%
1953 Peter Pan
72%
2016 Vaiana : La légende du bout du monde
72%
1940 Fantasia
70%
1994 Le roi lion
70%
1999 Toy Story 2
70%
2011 Cars 2
67%
2019 La reine des neiges 2
67%
2003 Le monde de Nemo
67%
1995 Pocahontas - Une légende indienne
67%
2010 Toy story 3
67%
2019 Toy story 4
67%
2015 Vice versa
67%
2017 Cars 3
65%
2009 La princesse et la grenouille
65%
1942 Bambi
63%
1941 Dumbo
63%
2021 Encanto : La fantastique famille Madrigal
63%
1955 La belle et le clochard
63%
1996 Le Bossu de Notre-Dame
63%
1977 Les Aventures de Bernard et Bianca
63%
2012 Rebelle
63%
2016 Zootopie
63%
2017 Coco
60%
2002 Le Bossu de Notre-Dame : Le secret de Quasimodo
60%
1967 Le livre de la jungle
60%
2007 Ratatouille
60%
1981 Rox et Rouky
60%
2020 Soul
60%
2024 Vice versa 2
60%
2025 Zootopie 2
60%
1940 Pinocchio
58%
2024 Vaiana 2
58%
2000 La petite sirène 2 : Retour à l'océan
56%
2002 Lilo & Stitch
56%
2005 Mulan 2 : La mission de l'empereur
56%
1999 Tarzan
56%
2008 Wall-E
56%
2016 Le Monde de Dory
53%
1998 Le Roi Lion 2 : L'honneur de la tribu
53%
2026 Toy story 5
53%
1997 Hercule
51%
2004 Les indestructibles
51%
1951 Alice au pays des merveilles
49%
2002 Cendrillon 2 : Une vie de princesse
49%
2005 Lilo & Stitch 2 : Hawaî, nous avons un problème !
49%
1963 Merlin l'enchanteur
49%
1998 Pocahontas 2 : Un monde nouveau
49%
1973 Robin des bois
49%
2008 La fée Clochette
47%
1994 Le retour de Jafar
47%
2004 Le roi lion 3 : Hakuna Matata
47%
2018 Les Indestructibles 2
47%
2012 Les Mondes de Ralph
47%
2001 Monstres & cie
47%
2011 Winnie l'Ourson
47%
2025 Elio
44%
2021 Luca
44%
2023 Elementaire
42%
2020 En avant
42%
2003 Frère des Ours
42%
2009 Là-haut
42%
2021 Raya et le dernier dragon
42%
2022 Alerte rouge
40%
2003 Les 101 dalmatiens 2 : Sur la trace des héros
40%
2008 Volt, star malgré lui
40%
1990 Bernard et Bianca au pays des kangourous
37%
2022 Buzz l'Eclair
37%
2000 Kuzco, l'empereur mégalo
37%
2003 Le livre de la jungle 2
37%
2008 Le secret de la petite sirène
37%
1988 Oliver et compagnie
37%
2006 Bambi 2 : Le prince de la forët
35%
2014 Les Nouveaux héros
35%
2007 Le sortilège de Cendrillon
35%
2018 Ralph 2.0
35%
2006 Rox et Rouky 2
35%
1985 Taram et le chaudron magique
35%
2023 Wish : Asha et la bonne étoile
35%
2004 La ferme se rebelle
33%
1998 1001 pattes
30%
2000 Fantasia 2000
30%
2006 Frère des Ours 2
30%
2001 La belle et le clochard 2 : L'appel de la rue
30%
2002 La planète au trésor, un nouvel univers
30%
2005 Tarzan 2 : L'enfance d'un héros
30%
1996 Aladdin et le roi des voleurs
28%
2001 Atlantide, l'empire perdu
28%
2005 Chicken Little
28%
2000 Dinosaure
28%
2013 Monstres Academy
28%
2013 Planes
28%
2005 Kuzco 2 : King Kronk
26%
1964 Mary Poppins
26%
2014 Planes 2
26%
2014 Clochette et la fée pirate
23%
2015 Le voyage d'Arlo
23%
2022 Avalonia, l'étrange voyage
21%
1986 Basil, détective privé
21%
2007 Bienvenue chez les Robinson
21%
2012 Clochette et le Secret des fées
21%
2010 Clochette et l'expédition féerique
21%
2026 Jumpers
21%
1997 Winnie l'Ourson 2 : Le grand voyage
21%
1995 Dingo et Max
19%
2009 Clochette et la Pierre de lune
16%
2000 Dingo et Max 2 : les sportifs de l'extrëme
16%
1949 Le crapaud et le maitre d'école
16%
2003 Les aventures de Porcinet
16%
1944 Les trois Caballeros
16%
2015 Clochette et la créature légendaire
14%
1947 Coquin de printemps
14%
1990 La bande à picsou, le film : Le trésor de la lampe perdue
14%
2004 Les aventures de Petit Gourou
14%
2000 Les aventures de Tigrou et de Winnie l'Ourson
14%
1977 Les aventures de Winnie l'Ourson
14%
2004 Mickey, Donald, Dingo : Les trois mousquetaires
14%
1977 Peter et Elliott le dragon
14%
1942 Saludos Amigos
14%
1971 L'apprentie Sorcière
12%
1948 Mélodie Cocktail
12%
1946 Mélodie du Sud
12%
2005 Winnie l'Ourson et l'Efelant
12%
1946 La boite à musique
9%
2006 The Wild
9%
1948 Danny le petit mouton noir
7%
2002 Peter Pan 2 : Retour au pays imaginaire
7%
1997 La belle et la bête 2 : Le Noël enchanté
2%
1970 Les Artistochats
2%
Aucun quiz correspondant
Distribution des résultats
% des personnes avec chaque résultat
Percentile par nombre de réponses
Votre historique - résultats
Vous n’avez pas pris ce quiz